000
00237nam a22000857a 4500
008
161111b xxu||||| |||| 00| 0 eng d
100
_9
1145
_a
satyanand. k
245
_a
the story of the red cross
260
_a
new delhi
_b
national book trust
_c
2007
999
_c
3805
_d
3805